| 000 | 00660nam0a22002531 4500 | ||
|---|---|---|---|
| 001 | RU\NLR\A2V16\34138 | ||
| 005 | 20251203171251.9 | ||
| 035 | _a(NLR Aleph) 009837197 | ||
| 090 |
_a10298835 _c10298835 |
||
| 100 | _a20030122d1583 u y0rusy50 ca | ||
| 101 | 0 | _alat | |
| 102 | _aRU | ||
| 200 | 1 | _aSatirae philosophiae ... | |
| 210 |
_aRegiomonti [Kaliningrad] _d1583 |
||
| 215 | _d8° | ||
| 620 | _dKaliningrad | ||
| 700 | 1 |
_aScaliger _bP. _gPaul _4070 |
|
| 801 | 0 |
_aRU _bNLR _c20030122 |
|
| 852 |
_aNLR _j36.61.1.29 |
||
| 942 | _cBOOK | ||
| 980 | _aNB | ||
| 980 | _ain16 | ||